000 00290nam a2200085Ia 4500
245 0 _aAfricatrek : [an American photographer's odyssey through Africa]
100 _a LAURE, Jason Vlaeberg, South Africa, 2002 1st ed
_9101821
942 _cBK
008 210818s9999 xx 000 0 und d
999 _c441404
_d441403